书目信息 |
| 题名: |
建筑·用能·行为
|
|
| 作者: | 李翠 , 燕达 , 李峥嵘 , 王闯 主编 | |
| 分册: | ||
| 出版信息: | 北京 中国建筑工业出版社 2021.05 |
|
| 页数: | 10, 168页 | |
| 开本: | 26cm | |
| 丛书名: | ||
| 单 册: | ||
| 中图分类: | TU111.4 | |
| 科图分类: | ||
| 主题词: | 建筑--jian zhu--节能--研究 | |
| 电子资源: | ||
| ISBN: | 978-7-112-26160-4 | |
| 000 | 01016nam0 2200289 450 | |
| 001 | 202021191812 | |
| 005 | 20211025120130.0 | |
| 010 | @a978-7-112-26160-4@dCNY58.00 | |
| 100 | @a20210919d2021 em y0chiy50 ea | |
| 101 | 0 | @achi |
| 102 | @aCN@b110000 | |
| 105 | @aa a 000yy | |
| 106 | @ar | |
| 200 | 1 | @a建筑·用能·行为@Ajian zhu · yong neng ·xing wei@f李翠 ... [等] 主编 |
| 210 | @a北京@c中国建筑工业出版社@d2021.05 | |
| 215 | @a10, 168页@c图@d26cm | |
| 304 | @a题名页题其余责任者: 燕达, 李峥嵘, 王闯 | |
| 320 | @a有书目 | |
| 330 | @a本书分四部分, 建筑用能行为研究概述、建筑用能行为描述及模拟、住宅建筑用能行为专题研究、公共建筑用能行为专题研究。内容包括: 建筑用能行为的发展 ; 建筑用能行为定义与研究范畴等。 | |
| 606 | 0 | @a建筑@Ajian zhu@x节能@x研究 |
| 690 | @aTU111.4@v5 | |
| 701 | 0 | @a李翠@Ali cui@4主编 |
| 701 | 0 | @a燕达@Ayan da@4主编 |
| 701 | 0 | @a李峥嵘@Ali zheng rong@4主编 |
| 701 | 0 | @a王闯@Awang chuang@4主编 |
| 801 | 0 | @aCN@c20210909 |
| 905 | @a河南城建学院图书馆@dTU111.4@eL133 | |
| 建筑·用能·行为/李翠 ... [等] 主编.-北京:中国建筑工业出版社,2021.05 |
| 10, 168页:图;26cm |
| ISBN 978-7-112-26160-4:CNY58.00 |
| 本书分四部分, 建筑用能行为研究概述、建筑用能行为描述及模拟、住宅建筑用能行为专题研究、公共建筑用能行为专题研究。内容包括: 建筑用能行为的发展 ; 建筑用能行为定义与研究范畴等。 |
| ● |
| 相关链接 |
|
|
|
正题名:建筑·用能·行为
索取号:TU111.4/L133
 
预约/预借
| 序号 | 登录号 | 条形码 | 馆藏地/架位号 | 状态 | 备注 |
| 1 | 1540677 | 215406772 | 建筑库101/101建筑库 24排3列1层/ [索取号:TU111.4/L133] | 在馆 | |
| 2 | 1540678 | 215406781 | 建筑库101/101建筑库 24排3列1层/ [索取号:TU111.4/L133] | 在馆 |